Theory and Practice of Digital Libraries Second International Conference, TPDL 2012, Paphos, Cyprus, September 23-27, 2012. Proceedings /

This book constitutes the refereed proceedings of the Second International Conference on Theory and Practice of Digital Libraries, TPDL 2012 - the successor of the ECDL (European Conference on Research and Advanced Technology for Digital Libraries) - held in Paphos, Cyprus, in September 2012. The 23...

Πλήρης περιγραφή

Λεπτομέρειες βιβλιογραφικής εγγραφής
Συγγραφή απο Οργανισμό/Αρχή: SpringerLink (Online service)
Άλλοι συγγραφείς: Zaphiris, Panayiotis (Επιμελητής έκδοσης), Buchanan, George (Επιμελητής έκδοσης), Rasmussen, Edie (Επιμελητής έκδοσης), Loizides, Fernando (Επιμελητής έκδοσης)
Μορφή: Ηλεκτρονική πηγή Ηλ. βιβλίο
Γλώσσα:English
Έκδοση: Berlin, Heidelberg : Springer Berlin Heidelberg : Imprint: Springer, 2012.
Σειρά:Lecture Notes in Computer Science, 7489
Θέματα:
Διαθέσιμο Online:Full Text via HEAL-Link
LEADER 03264nam a22006015i 4500
001 978-3-642-33290-6
003 DE-He213
005 20151030031159.0
007 cr nn 008mamaa
008 120920s2012 gw | s |||| 0|eng d
020 |a 9783642332906  |9 978-3-642-33290-6 
024 7 |a 10.1007/978-3-642-33290-6  |2 doi 
040 |d GrThAP 
050 4 |a QA76.76.A65 
072 7 |a UNH  |2 bicssc 
072 7 |a UDBD  |2 bicssc 
072 7 |a COM032000  |2 bisacsh 
082 0 4 |a 005.7  |2 23 
245 1 0 |a Theory and Practice of Digital Libraries  |h [electronic resource] :  |b Second International Conference, TPDL 2012, Paphos, Cyprus, September 23-27, 2012. Proceedings /  |c edited by Panayiotis Zaphiris, George Buchanan, Edie Rasmussen, Fernando Loizides. 
264 1 |a Berlin, Heidelberg :  |b Springer Berlin Heidelberg :  |b Imprint: Springer,  |c 2012. 
300 |a XV, 500 p. 124 illus.  |b online resource. 
336 |a text  |b txt  |2 rdacontent 
337 |a computer  |b c  |2 rdamedia 
338 |a online resource  |b cr  |2 rdacarrier 
347 |a text file  |b PDF  |2 rda 
490 1 |a Lecture Notes in Computer Science,  |x 0302-9743 ;  |v 7489 
505 0 |a User Behaviour -- Heritage and Sustainability -- Preservation -- Linked Data -- Analysing and Enriching Documents -- Folksonomy and Ontology -- Information Retrieval -- Organising Collections -- Extracting and Indexing. 
520 |a This book constitutes the refereed proceedings of the Second International Conference on Theory and Practice of Digital Libraries, TPDL 2012 - the successor of the ECDL (European Conference on Research and Advanced Technology for Digital Libraries) - held in Paphos, Cyprus, in September 2012. The 23 full papers, 19 short papers, 15 posters and 8 demonstrations presented in this volume were carefully reviewed and selected from 139 submissions. The papers are organized in topical sections on user behavior, mobiles and place, heritage and sustainability, preservation, linked data, analysing and enriching documents, content and metadata quality, folksonomy and ontology, information retrieval, organising collections, as well as extracting and indexing. 
650 0 |a Computer science. 
650 0 |a Database management. 
650 0 |a Data mining. 
650 0 |a Information storage and retrieval. 
650 0 |a Multimedia information systems. 
650 0 |a Text processing (Computer science). 
650 1 4 |a Computer Science. 
650 2 4 |a Information Systems Applications (incl. Internet). 
650 2 4 |a Database Management. 
650 2 4 |a Information Storage and Retrieval. 
650 2 4 |a Data Mining and Knowledge Discovery. 
650 2 4 |a Multimedia Information Systems. 
650 2 4 |a Document Preparation and Text Processing. 
700 1 |a Zaphiris, Panayiotis.  |e editor. 
700 1 |a Buchanan, George.  |e editor. 
700 1 |a Rasmussen, Edie.  |e editor. 
700 1 |a Loizides, Fernando.  |e editor. 
710 2 |a SpringerLink (Online service) 
773 0 |t Springer eBooks 
776 0 8 |i Printed edition:  |z 9783642332890 
830 0 |a Lecture Notes in Computer Science,  |x 0302-9743 ;  |v 7489 
856 4 0 |u http://dx.doi.org/10.1007/978-3-642-33290-6  |z Full Text via HEAL-Link 
912 |a ZDB-2-SCS 
912 |a ZDB-2-LNC 
950 |a Computer Science (Springer-11645)